Statistics for Washington Wizards 2018-19 Roster

Click here to take the quiz!

General Stats

  • This quiz has been taken 26 times
  • The average score is 10 of 16

Answer Stats

Nbr Post Player % Correct
3SGBradley Beal
100%
2PGJohn Wall
100%
21CDwight Howard
85%
12SFKelly Oubre Jr.
85%
22SFOtto Porter Jr.
85%
14PFJason Smith
62%
-Head CoachScott Brooks
62%
5PFMarkieff Morris
62%
6SFTroy Brown Jr.
62%
32SFJeff Green
54%
13CThomas Bryant
54%
28CIan Mahinmi
46%
7SFDevin Robinson
38%
31SGTomas Satoransky
38%
1PGAustin Rivers
31%
52SGJordan McRae
31%

Score Distribution

Percentile by Number Answered

Percent of People with Each Score

Your Score History

You have not taken this quiz